[Event "Torino Province-ch"]
[Site "Torino"]
[Date "2016.02.16"]
[Round "4"]
[White "Fassio, Francesco"]
[Black "De Vito, Gian Marco"]
[Result "1-0"]
[WhiteElo "1557"]
[BlackElo "1580"]
[PlyCount "61"]
[EventDate "2016.01.26"]
[EventType "swiss"]
[EventRounds "7"]
[EventCountry "ITA"]
[SourceTitle "EXT 2018"]
[Source "ChessBase"]
[SourceDate "2017.10.13"]
[SourceVersion "1"]
[SourceVersionDate "2017.10.13"]
[SourceQuality "1"]

1. Nf3 d5 2. d4 Nc6 3. c4 e6 4. Nc3 Nf6 5. Bg5 Be7 6. e3 0-0 7. a3 Re8 8. Bd3 b6 9. 0-0 Bb7 10. b4 dxc4 11. Bxc4 Ng4 12. Bxe7 Nxe7 13. Be2 a5 14. b5 Qd6 15. g3 e5 16. dxe5 Qh6 17. e4 Ne3 18. Qd7 Nxf1 19. Bxf1 Rac8 20. Rd1 Ng6 21. Nd5 Nf8 22. Qf5 Bxd5 23. exd5 Qg6 24. Qf4 Qc2 25. Rc1 Qb3 26. Bc4 Qxa3 27. Ng5 Rxe5 28. d6 Ng6 29. Qxf7+ Kh8 30. Qg8+ Rxg8 31. Nf7# 1-0

[Event "Torino Province-ch"]
[Site "Torino"]
[Date "2016.02.09"]
[Round "3"]
[White "Manni, Stefano"]
[Black "Fassio, Francesco"]
[Result "1-0"]
[WhiteElo "2018"]
[BlackElo "1557"]
[PlyCount "45"]
[EventDate "2016.01.26"]
[EventType "swiss"]
[EventRounds "7"]
[EventCountry "ITA"]
[SourceTitle "EXT 2018"]
[Source "ChessBase"]
[SourceDate "2017.10.13"]
[SourceVersion "1"]
[SourceVersionDate "2017.10.13"]
[SourceQuality "1"]

1. d4 d5 2. c4 c6 3. cxd5 cxd5 4. Nf3 Nf6 5. Nc3 Nc6 6. Bf4 e6 7. e3 Bd6 8. Ne5 a6 9. Bd3 0-0 10. Nxc6 bxc6 11. Bxd6 Qxd6 12. 0-0 c5 13. Na4 c4 14. Bc2 Nd7 15. e4 f6 16. Re1 Bb7 17. Nc3 Rfe8 18. exd5 exd5 19. Bxh7+ Kf8 20. Qh5 Rxe1+ 21. Rxe1 Qf4 22. Bf5 Qd6 23. Bg6 1-0

[Event "Torino Spinelli Memorial 1st"]
[Site "Torino"]
[Date "2015.12.06"]
[Round "4"]
[White "Fassio, Francesco"]
[Black "Cutelli, Massimo"]
[Result "0-1"]
[WhiteElo "1560"]
[BlackElo "1829"]
[PlyCount "68"]
[EventDate "2015.12.04"]
[EventType "swiss"]
[EventRounds "5"]
[EventCountry "ITA"]
[SourceTitle "EXT 2018"]
[Source "ChessBase"]
[SourceDate "2017.10.13"]
[SourceVersion "1"]
[SourceVersionDate "2017.10.13"]
[SourceQuality "1"]

1. Nf3 Nf6 2. c4 e6 3. Nc3 g6 4. d4 c5 5. e4 d5 6. cxd5 exd5 7. e5 Ne4 8. Bd3 Bf5 9. Qc2 Nc6 10. Nxe4 dxe4 11. Bxe4 Bxe4 12. Qxe4 Nxd4 13. 0-0 Bg7 14. Bg5 Nxf3+ 15. Qxf3 Qxg5 16. Qxb7 0-0 17. f4 Qf5 18. b3 Rfd8 19. Rad1 Qc8 20. Qf3 c4 21. Rc1 Qa6 22. Qe2 Qb6+ 23. Kh1 cxb3 24. Rb1 Qb4 25. Rf2 bxa2 26. Qxa2 Rab8 27. Rff1 Qe7 28. Rbc1 Rb7 29. Rc2 Rbd7 30. Qb1 Qh4 31. Rc4 Bxe5 32. g3 Qg4 33. Re4 Rd1 34. Qb5 Qf3+ 0-1

[Event "Torino dell'Ariete op"]
[Site "Torino"]
[Date "2015.04.23"]
[Round "5"]
[White "Ricciardi, Arcangelo"]
[Black "Fassio, Francesco"]
[Result "1-0"]
[WhiteElo "1745"]
[BlackElo "1637"]
[PlyCount "61"]
[EventDate "2015.03.26"]
[EventType "swiss"]
[EventRounds "7"]
[EventCountry "ITA"]
[SourceTitle "EXT 2017"]
[Source "ChessBase"]
[SourceDate "2016.10.25"]
[SourceVersion "1"]
[SourceVersionDate "2016.10.25"]
[SourceQuality "1"]

1. e4 e5 2. Nf3 Nf6 3. Bc4 Nxe4 4. Qe2 d5 5. 0-0 Be7 6. Nxe5 0-0 7. Bb3 Be6 8. a4 Nd7 9. f4 Nd6 10. Qf3 c6 11. g4 f6 12. Nxd7 Bxd7 13. f5 Ne4 14. Qxe4 Bd6 15. Bxd5+ Kh8 16. Bc4 Re8 17. Qf3 b5 18. Bd3 c5 19. Be4 Rc8 20. d3 b4 21. c4 bxc3 22. Nxc3 Qb6 23. Rf2 c4 24. Be3 Qc7 25. Bf4 Bxf4 26. Qxf4 Qc5 27. Kg2 Rb8 28. g5 Rg8 29. h4 Be8 30. Qxb8 Bh5 31. Qf4 1-0

[Event "Torino Province-ch"]
[Site "Torino"]
[Date "2015.02.26"]
[Round "5"]
[White "Fassio, Francesco"]
[Black "Liviabella, Lucio"]
[Result "1-0"]
[WhiteElo "1690"]
[BlackElo "1609"]
[PlyCount "87"]
[EventDate "2015.01.29"]
[EventType "swiss"]
[EventRounds "7"]
[EventCountry "ITA"]
[SourceTitle "EXT 2017"]
[Source "ChessBase"]
[SourceDate "2016.10.25"]
[SourceVersion "1"]
[SourceVersionDate "2016.10.25"]
[SourceQuality "1"]

1. Nf3 c5 2. c4 Nc6 3. Nc3 g6 4. g3 Nf6 5. Bg2 Bg7 6. 0-0 0-0 7. d3 d6 8. Bd2 Bg4 9. h3 Bd7 10. Kh2 Qc8 11. Rb1 Nh5 12. a3 Re8 13. b4 cxb4 14. axb4 a6 15. b5 axb5 16. cxb5 Nd8 17. Nd5 Qc5 18. Qb3 Be6 19. Ng5 Ra3 20. Qc4 Qxc4 21. dxc4 Ra2 22. Nxe6 fxe6 23. Nc7 Rf8 24. Rbd1 Bd4 25. Bh6 Rxf2 26. Rxd4 Raxe2 27. Rxf2 Rxf2 28. g4 e5 29. Rd2 Rxd2 30. Bxd2 Nf6 31. Be3 Kg7 32. g5 Nh5 33. c5 Kf7 34. Bd5+ e6 35. Nxe6 Nxe6 36. c6 bxc6 37. b6 cxd5 38. b7 d4 39. Bc1 Nhf4 40. b8Q Ng7 41. Qc7+ Kg8 42. Qxd6 Nd3 43. Ba3 Ne6 44. Qxe6+ 1-0

[Event "Torino Martedi-C 3rd"]
[Site "Torino"]
[Date "2013.10.29"]
[Round "7"]
[White "Liviabella, Lucio"]
[Black "Fassio, Francesco"]
[Result "1-0"]
[WhiteElo "1557"]
[BlackElo "1665"]
[PlyCount "108"]
[EventDate "2013.09.17"]
[EventType "tourn"]
[EventRounds "7"]
[EventCountry "ITA"]
[SourceTitle "EXT 2024"]
[Source "ChessBase"]
[SourceDate "2023.10.10"]
[SourceVersion "1"]
[SourceVersionDate "2023.10.10"]
[SourceQuality "1"]

1. e4 e5 2. Bc4 Nf6 3. Qe2 Nc6 4. Nf3 Bc5 5. Bxf7+ Kxf7 6. Qc4+ Ke8 7. Qxc5 d6 8. Qe3 h6 9. h3 Be6 10. d3 Rf8 11. Bd2 Qd7 12. a3 Ke7 13. Nc3 a6 14. Nh4 Qe8 15. g4 Nd4 16. 0-0-0 Nh7 17. Nf5+ Bxf5 18. gxf5 Qh5 19. h4 Nf6 20. Qg3 Qf7 21. Qg2 b5 22. Nd5+ Nxd5 23. exd5 Nxf5 24. f4 exf4 25. Rde1+ Kd8 26. Bxf4 Ne7 27. Rhf1 Qe8 28. Qxg7 Rf7 29. Qxh6 Qf8 30. Qxf8+ Rxf8 31. Re4 Kd7 32. Rfe1 Nxd5 33. Bg5 c5 34. c4 Nb6 35. cxb5 axb5 36. Re7+ Kc6 37. R7e6 Nd5 38. h5 Rf5 39. Rg6 Raf8 40. Ree6 Rf1+ 41. Kc2 R8f2+ 42. Kb3 c4+ 43. dxc4 Rf3+ 44. Ka2 bxc4 45. Rxd6+ Kc5 46. Bd2 R3f2 47. Rc6+ Kd4 48. Rg4+ Kd3 49. Ba5 c3 50. Rg3+ Rf3 51. Rxf3+ Rxf3 52. Bxc3 Rf2 53. h6 Rh2 54. a4 Ke4 1-0

[Event "Torino Martedi-C 3rd"]
[Site "Torino"]
[Date "2013.10.01"]
[Round "3"]
[White "Vittoria, Giuseppe"]
[Black "Fassio, Francesco"]
[Result "0-1"]
[WhiteElo "1621"]
[BlackElo "1665"]
[PlyCount "68"]
[EventDate "2013.09.17"]
[EventType "tourn"]
[EventRounds "7"]
[EventCountry "ITA"]
[SourceTitle "EXT 2024"]
[Source "ChessBase"]
[SourceDate "2023.10.10"]
[SourceVersion "1"]
[SourceVersionDate "2023.10.10"]
[SourceQuality "1"]

1. e4 e5 2. Nf3 Nf6 3. Nc3 Nc6 4. d3 d5 5. exd5 Nxd5 6. Bg5 f6 7. Bh4 Bb4 8. Qd2 Bg4 9. a3 Be7 10. Be2 Nf4 11. 0-0 Nxe2+ 12. Nxe2 Bxf3 13. gxf3 Qd5 14. Kg2 0-0-0 15. Nc3 Qf7 16. Bg3 h5 17. h4 g5 18. Rh1 Qg6 19. Kf1 f5 20. hxg5 f4 21. Bh4 Nd4 22. Qd1 Rhg8 23. Rg1 Nf5 24. Rh1 Nxh4 25. Rxh4 Qxg5 26. Rh1 Rg7 27. Ne4 Qg6 28. Ke2 Rdg8 29. b4 h4 30. c3 h3 31. Qa4 Kb8 32. Qb5 Qe6 33. Rab1 Rg2 34. Nc5 Qa2+ 0-1

[Event "Torino Martedi-C 3rd"]
[Site "Torino"]
[Date "2013.09.24"]
[Round "2"]
[White "Fassio, Francesco"]
[Black "Ingaramo, Alessandro"]
[Result "1-0"]
[WhiteElo "1665"]
[BlackElo "1628"]
[PlyCount "107"]
[EventDate "2013.09.17"]
[EventType "tourn"]
[EventRounds "7"]
[EventCountry "ITA"]
[SourceTitle "EXT 2024"]
[Source "ChessBase"]
[SourceDate "2023.10.10"]
[SourceVersion "1"]
[SourceVersionDate "2023.10.10"]
[SourceQuality "1"]

1. d4 d5 2. c4 e6 3. Nc3 Nf6 4. Bg5 Be7 5. Nf3 h6 6. Bh4 dxc4 7. e4 0-0 8. Bxc4 c6 9. 0-0 Nbd7 10. Rc1 Nb6 11. Bd3 Bd7 12. Qc2 Ne8 13. Bxe7 Qxe7 14. Ne2 Nc7 15. Ne5 Be8 16. Rfd1 f6 17. Nc4 Nxc4 18. Bxc4 Bf7 19. Ng3 Rad8 20. Qe2 Qe8 21. Qf3 Na8 22. Be2 Nb6 23. b3 Bg6 24. Qc3 Rd7 25. Rd2 Qe7 26. Bh5 Qf7 27. Bxg6 Qxg6 28. Qa5 Nc8 29. f3 a6 30. Rcd1 Rfd8 31. Ne2 Ne7 32. Qb4 Qf7 33. Kf2 Ng6 34. Ke1 e5 35. dxe5 Nxe5 36. Rxd7 Rxd7 37. Rxd7 Qxd7 38. Nc1 Kf7 39. f4 Ng6 40. g3 Ne7 41. Ke2 Ke8 42. Nd3 Qc7 43. Nc5 a5 44. Qc4 Qb6 45. a3 Qb5 46. Qxb5 cxb5 47. Nxb7 Nc6 48. Nd6+ Kd7 49. Nxb5 Ke6 50. Kd3 f5 51. exf5+ Kxf5 52. Nd4+ Nxd4 53. Kxd4 Kg4 54. b4 1-0

[Event "Torino Martedi-C 3rd"]
[Site "Torino"]
[Date "2013.09.17"]
[Round "1"]
[White "Fassio, Francesco"]
[Black "Chianale, Angelo"]
[Result "1-0"]
[WhiteElo "1665"]
[BlackElo "1491"]
[PlyCount "81"]
[EventDate "2013.09.17"]
[EventType "tourn"]
[EventRounds "7"]
[EventCountry "ITA"]
[SourceTitle "EXT 2024"]
[Source "ChessBase"]
[SourceDate "2023.10.10"]
[SourceVersion "1"]
[SourceVersionDate "2023.10.10"]
[SourceQuality "1"]

1. c4 f5 2. Nf3 Nf6 3. Nc3 g6 4. g3 Bg7 5. Bg2 0-0 6. 0-0 d6 7. d4 Nc6 8. d5 Na5 9. b3 Ne4 10. Nxe4 Bxa1 11. Neg5 Bg7 12. Nd4 Bxd4 13. Qxd4 c5 14. Qc3 b6 15. Bb2 Rf6 16. e4 Qf8 17. e5 dxe5 18. Qxe5 Kg7 19. Ne6+ Bxe6 20. Qxe6 Qf7 21. Re1 Qxe6 22. Rxe6 Kf7 23. Bxf6 exf6 24. f4 Rd8 25. Kf2 Nb7 26. Ke3 Nd6 27. Kd3 Re8 28. Rxd6 Ke7 29. Re6+ Kf7 30. Rxe8 Kxe8 31. Kc3 Kd7 32. b4 Kd6 33. Kb3 h6 34. Ka4 a6 35. Bf3 g5 36. Kb3 b5 37. a3 cxb4 38. cxb5 bxa3 39. bxa6 Kc7 40. d6+ Kxd6 41. a7 1-0

[Event "Monte Sabotino op"]
[Site "Torino"]
[Date "2012.11.27"]
[Round "4"]
[White "Fassio, Francesco"]
[Black "Coqueraut, Lodewyk"]
[Result "0-1"]
[WhiteElo "1616"]
[BlackElo "1818"]
[PlyCount "122"]
[EventDate "2012.11.06"]
[EventType "swiss"]
[EventRounds "7"]
[EventCountry "ITA"]
[SourceTitle "EXT 2015"]
[Source "ChessBase"]
[SourceDate "2014.11.20"]
[SourceVersion "1"]
[SourceVersionDate "2014.11.20"]
[SourceQuality "1"]

1. c4 Nf6 2. Nc3 g6 3. g3 Bg7 4. Bg2 0-0 5. d4 d6 6. Nf3 c6 7. 0-0 Qc7 8. b3 e5 9. dxe5 dxe5 10. Nd2 Rd8 11. Qc2 Na6 12. Ba3 Be6 13. e4 Rd7 14. h3 Rad8 15. Rad1 b5 16. Ne2 b4 17. Bc1 Nc5 18. Nb1 Rxd1 19. Rxd1 Rxd1+ 20. Qxd1 Ncxe4 21. Be3 c5 22. Qd3 Nd6 23. g4 a5 24. Nd2 h5 25. f3 hxg4 26. fxg4 Nc8 27. Ng3 Ne7 28. Nde4 Nd7 29. Ng5 Nf8 30. Ne2 f6 31. Nxe6 Nxe6 32. Ng3 Nd4 33. Qf1 f5 34. gxf5 gxf5 35. Bxd4 exd4 36. Nxf5 Qe5 37. Nxg7 Kxg7 38. Qd1 Qg5 39. Qf3 Qe3+ 40. Qf2 Nf5 41. Qxe3 Nxe3 42. Bf3 Kg6 43. h4 Kf5 44. h5 Kg5 45. Kf2 Nf5 46. Be2 Ng7 47. Kf3 Nxh5 48. Bd3 Nf4 49. Bb1 Nh5 50. Ke4 Nf4 51. Ke5 d3 52. Kd6 d2 53. Bc2 Nd3 54. Kd5 Kf4 55. Bd1 Ke3 56. Bh5 Nf4+ 57. Kxc5 Nxh5 58. Kb5 d1Q 59. Kxa5 Nf6 60. Kxb4 Qd2+ 61. Ka3 Qc3 0-1

[Event "Monte Sabotino op"]
[Site "Torino"]
[Date "2012.11.20"]
[Round "3"]
[White "Levi, Aldo"]
[Black "Fassio, Francesco"]
[Result "0-1"]
[WhiteElo "1424"]
[BlackElo "1616"]
[PlyCount "48"]
[EventDate "2012.11.06"]
[EventType "swiss"]
[EventRounds "7"]
[EventCountry "ITA"]
[SourceTitle "EXT 2015"]
[Source "ChessBase"]
[SourceDate "2014.11.20"]
[SourceVersion "1"]
[SourceVersionDate "2014.11.20"]
[SourceQuality "1"]

1. e4 d5 2. exd5 Nf6 3. Nc3 Nxd5 4. Nxd5 Qxd5 5. Nf3 e5 6. Qe2 Nc6 7. d3 Be7 8. Qe4 Be6 9. Be2 0-0 10. 0-0 Rad8 11. c4 Qxe4 12. dxe4 Nd4 13. Bd3 Nxf3+ 14. gxf3 Rxd3 15. Be3 c5 16. b3 b6 17. Rfe1 f5 18. exf5 Bxf5 19. Rac1 Bf6 20. Re2 e4 21. fxe4 Bxe4 22. f3 Bg6 23. Rce1 Bh5 24. Rf1 Re8 0-1

[Event "Monte Sabotino op"]
[Site "Torino"]
[Date "2012.11.06"]
[Round "1"]
[White "Boetto, Massimo"]
[Black "Fassio, Francesco"]
[Result "1-0"]
[WhiteElo "1949"]
[BlackElo "1616"]
[PlyCount "56"]
[EventDate "2012.11.06"]
[EventType "swiss"]
[EventRounds "7"]
[EventCountry "ITA"]
[SourceTitle "EXT 2015"]
[Source "ChessBase"]
[SourceDate "2014.11.20"]
[SourceVersion "1"]
[SourceVersionDate "2014.11.20"]
[SourceQuality "1"]

1. e4 e5 2. Nf3 Nf6 3. Nxe5 d6 4. Nf3 Nxe4 5. d4 d5 6. Bd3 Be7 7. c4 Nc6 8. 0-0 Bg4 9. cxd5 Qxd5 10. Nc3 Nxc3 11. bxc3 0-0 12. c4 Qd7 13. d5 Nd4 14. Bxh7+ Kxh7 15. Qxd4 Qf5 16. Ne5 Bf6 17. Qxg4 Qxe5 18. Rb1 Rab8 19. Rb3 Rh8 20. Re3 Qd6 21. Rfe1 g6 22. Ba3 Qa6 23. Be7 Bg7 24. c5 Qxa2 25. d6 cxd6 26. cxd6 Bf8 27. Bf6 Bg7 28. Qh4+ Bh6 1-0

[Event "Torino Province-ch"]
[Site "Torino"]
[Date "2012.02.28"]
[Round "2"]
[White "Iacomussi, Mario"]
[Black "Fassio, Francesco"]
[Result "1/2-1/2"]
[WhiteElo "1729"]
[BlackElo "1623"]
[PlyCount "81"]
[EventDate "2012.02.21"]
[EventType "swiss"]
[EventRounds "7"]
[EventCountry "ITA"]
[SourceTitle "EXT 2015"]
[Source "ChessBase"]
[SourceDate "2014.11.20"]
[SourceVersion "1"]
[SourceVersionDate "2014.11.20"]
[SourceQuality "1"]

1. d4 d5 2. c4 c6 3. Nc3 Nf6 4. f3 Nbd7 5. Nh3 e5 6. cxd5 cxd5 7. dxe5 Nxe5 8. Qd4 Nc6 9. Qh4 Be7 10. Bg5 h6 11. 0-0-0 Qa5 12. e3 d4 13. Bxf6 Bxf6 14. Qe4+ Qe5 15. Nd5 Qxe4 16. fxe4 Be5 17. exd4 Nxd4 18. Bc4 Nc6 19. Nhf4 0-0 20. Rdf1 Bd7 21. Ng6 Rfd8 22. Nde7+ Nxe7 23. Bxf7+ Kh7 24. Nxe7 Rf8 25. h3 Bf6 26. Bg6+ Kh8 27. Nd5 Bb5 28. Rf3 Be2 29. Rb3 Rac8+ 30. Kd2 Ba6 31. Nxf6 Rxf6 32. Bf5 Rd8+ 33. Ke3 Rfd6 34. Rc1 Rd2 35. g4 g5 36. Kf3 b6 37. Rc7 R2d3+ 38. Rxd3 Rxd3+ 39. Kg2 Rd2+ 40. Kg3 Rd3+ 41. Kg2 1/2-1/2

[Event "Torino Bombelli Memorial 11th"]
[Site "Torino"]
[Date "2011.09.11"]
[Round "5"]
[White "Busi, Piero"]
[Black "Fassio, Francesco"]
[Result "0-1"]
[WhiteElo "1293"]
[BlackElo "1652"]
[PlyCount "46"]
[EventDate "2011.09.09"]
[EventType "swiss"]
[EventRounds "5"]
[EventCountry "ITA"]
[SourceTitle "EXT 2023"]
[Source "ChessBase"]
[SourceDate "2022.10.05"]
[SourceVersion "1"]
[SourceVersionDate "2022.10.05"]
[SourceQuality "1"]

1. Nf3 c5 2. c4 Nc6 3. Nc3 Nf6 4. d3 d6 5. e4 g6 6. Be2 Bg7 7. 0-0 0-0 8. a3 a6 9. h3 Rb8 10. Rb1 b5 11. cxb5 axb5 12. d4 b4 13. axb4 cxb4 14. d5 bxc3 15. dxc6 Nxe4 16. Qc2 d5 17. bxc3 Rxb1 18. Qxb1 Nxc3 19. Qd3 Nxe2+ 20. Qxe2 Qb6 21. Qc2 Bf5 22. Qa4 Rc8 23. Nd4 Bxd4 0-1

[Event "Torino Bombelli Memorial 11th"]
[Site "Torino"]
[Date "2011.09.09"]
[Round "1"]
[White "Di Chiara, Mauro"]
[Black "Fassio, Francesco"]
[Result "1-0"]
[WhiteElo "1966"]
[BlackElo "1652"]
[PlyCount "49"]
[EventDate "2011.09.09"]
[EventType "swiss"]
[EventRounds "5"]
[EventCountry "ITA"]
[SourceTitle "EXT 2023"]
[Source "ChessBase"]
[SourceDate "2022.10.05"]
[SourceVersion "1"]
[SourceVersionDate "2022.10.05"]
[SourceQuality "1"]

1. Nf3 c5 2. e3 Nc6 3. d4 cxd4 4. exd4 d5 5. c4 e6 6. Nc3 Nf6 7. Bd3 Be7 8. 0-0 0-0 9. Bg5 h6 10. Bh4 dxc4 11. Bxc4 a6 12. Bb3 b5 13. a3 Re8 14. Qd3 Bb7 15. Bc2 g6 16. Rfe1 b4 17. Na4 Nd5 18. Bxe7 Ndxe7 19. Nc5 Qc7 20. Qd2 Nf5 21. Bxf5 exf5 22. Qxh6 Nxd4 23. Ng5 f6 24. Qxg6+ Qg7 25. Rxe8+ 1-0

[Event "Torino 150 Italy Unity op B"]
[Site "Torino"]
[Date "2011.06.04"]
[Round "6"]
[White "Fassio, Francesco"]
[Black "De Renzi, Giuseppe"]
[Result "1/2-1/2"]
[WhiteElo "1661"]
[BlackElo "1550"]
[PlyCount "80"]
[EventDate "2011.05.31"]
[EventType "swiss"]
[EventRounds "9"]
[EventCountry "ITA"]
[SourceTitle "EXT 2024"]
[Source "ChessBase"]
[SourceDate "2023.10.10"]
[SourceVersion "1"]
[SourceVersionDate "2023.10.10"]
[SourceQuality "1"]

1. c4 Nf6 2. Nc3 g6 3. g3 Bg7 4. Bg2 0-0 5. Nf3 d6 6. 0-0 Nbd7 7. d4 a6 8. b3 c6 9. Nd2 Rb8 10. Bb2 Qc7 11. Rc1 Re8 12. e3 Nf8 13. h3 N6d7 14. Kh2 e5 15. dxe5 Nxe5 16. Nf3 Nxf3+ 17. Bxf3 Be6 18. Bg2 Red8 19. Qe2 Nd7 20. Rfd1 Nf6 21. Ne4 Nxe4 22. Bxg7 Kxg7 23. Bxe4 f5 24. Bg2 Qf7 25. Rd2 d5 26. Rcd1 Rd7 27. cxd5 Bxd5 28. Bxd5 Rxd5 29. Rxd5 cxd5 30. Qd2 Rd8 31. Qd4+ Qf6 32. Kg2 Qxd4 33. Rxd4 Kf6 34. f4 Rd7 35. g4 Ke6 36. Kf2 Rc7 37. Rd2 Rc3 38. gxf5+ gxf5 39. Kf3 h5 40. h4 b5 1/2-1/2

[Event "Torino Estate Alfieri B"]
[Site "Torino"]
[Date "2011.05.17"]
[Round "3"]
[White "Fassio, Francesco"]
[Black "Calderone, Luigi"]
[Result "0-1"]
[WhiteElo "1661"]
[BlackElo "1684"]
[PlyCount "84"]
[EventDate "2011.05.03"]
[EventType "tourn"]
[EventRounds "7"]
[EventCountry "ITA"]
[SourceTitle "EXT 2024"]
[Source "ChessBase"]
[SourceDate "2023.10.10"]
[SourceVersion "1"]
[SourceVersionDate "2023.10.10"]
[SourceQuality "1"]

1. c4 Nf6 2. Nc3 d5 3. cxd5 Nxd5 4. g3 e5 5. Bg2 Nf6 6. d3 c6 7. Bd2 Be6 8. Nf3 Nbd7 9. 0-0 Be7 10. a3 h6 11. b4 0-0 12. Rc1 c5 13. bxc5 Bxc5 14. Nb1 Qb6 15. Bb4 Bxb4 16. axb4 Qxb4 17. Rc7 Rac8 18. Qc1 Rxc7 19. Qxc7 Nd5 20. Qc2 Qd6 21. Rc1 b5 22. Nfd2 a5 23. Ne4 Qb6 24. Na3 Rb8 25. Qb2 f6 26. Rb1 Ne7 27. Nd2 b4 28. Nac4 Qa6 29. Qc2 a4 30. Na3 Qa7 31. Nac4 Nd5 32. Ne4 Nc3 33. Ned6 Nxb1 34. Qxb1 a3 35. Qa2 Nb6 36. Nb5 Qf7 37. Nbxa3 bxa3 38. Qxa3 Nxc4 39. dxc4 Rb1+ 40. Bf1 Bh3 41. Qa8+ Qf8 42. Qd5+ Kh8 0-1

[Event "Torino Alfieri op 2nd"]
[Site "Torino"]
[Date "2010.04.23"]
[Round "3"]
[White "Di Chiara, Mauro"]
[Black "Fassio, Francesco"]
[Result "1-0"]
[WhiteElo "1868"]
[BlackElo "1618"]
[PlyCount "83"]
[EventDate "2010.04.21"]
[EventType "swiss"]
[EventRounds "5"]
[EventCountry "ITA"]
[SourceTitle "EXT 2024"]
[Source "ChessBase"]
[SourceDate "2023.10.10"]
[SourceVersion "1"]
[SourceVersionDate "2023.10.10"]
[SourceQuality "1"]

1. d4 d5 2. Nf3 Nf6 3. c4 e6 4. Nc3 Be7 5. cxd5 exd5 6. Qc2 0-0 7. Bg5 h6 8. Bxf6 Bxf6 9. e3 Bg4 10. 0-0-0 c6 11. Bd3 a5 12. h3 Bxf3 13. gxf3 Na6 14. Qe2 b5 15. Bb1 Qb6 16. Qc2 g6 17. Rdg1 Bg7 18. h4 Nb4 19. Qd1 c5 20. a3 cxd4 21. exd4 Rfc8 22. h5 Rc6 23. hxg6 fxg6 24. Qb3 Qxd4 25. axb4 axb4 26. Rg4 Qe5 27. Rxb4 Ra1 28. Rd1 Qg5+ 29. f4 Qf5 30. Qxd5+ Qxd5 31. Rxd5 Bxc3 32. bxc3 Rxc3+ 33. Kb2 Raa3 34. Rbxb5 Rf3 35. Rd7 Ra8 36. Ba2+ Kh8 37. Rd2 Rxf4 38. Rb7 Raf8 39. f3 Rxf3 40. Bc4 h5 41. Rdd7 Rf2+ 42. Kb1 1-0

[Event "Torino Province-ch"]
[Site "Torino"]
[Date "2010.03.23"]
[Round "7"]
[White "Iacomussi, Mario"]
[Black "Fassio, Francesco"]
[Result "0-1"]
[WhiteElo "1760"]
[BlackElo "1646"]
[PlyCount "110"]
[EventDate "2010.02.09"]
[EventType "swiss"]
[EventRounds "7"]
[EventCountry "ITA"]
[SourceTitle "EXT 2024"]
[Source "ChessBase"]
[SourceDate "2023.10.10"]
[SourceVersion "1"]
[SourceVersionDate "2023.10.10"]
[SourceQuality "1"]

1. Nf3 c5 2. e4 Nc6 3. Bc4 e6 4. 0-0 d5 5. exd5 exd5 6. Re1+ Be7 7. Bb5 Bd7 8. b3 Nf6 9. Bb2 0-0 10. a4 Bd6 11. Nc3 d4 12. Na2 Re8 13. Rxe8+ Qxe8 14. b4 b6 15. Bd3 Ne5 16. bxc5 bxc5 17. Qe2 Nxd3 18. Qxd3 Qc8 19. c3 Rb8 20. Bc1 Bf5 21. Qe2 d3 22. Qf1 Qa6 23. Qd1 Bg4 24. Ba3 Qb7 25. Nc1 Qa6 26. h3 Bh5 27. Nb3 c4 28. Nbd4 Bxa3 29. Rxa3 Nd7 30. Nf5 f6 31. g4 Be8 32. Qe1 Bf7 33. Qe7 Qe6 34. Ra1 Qxe7 35. Nxe7+ Kf8 36. Nc6 Rb7 37. a5 a6 38. Nfd4 Rb2 39. Rd1 Nc5 40. f3 Bd5 41. Kf2 Ke8 42. Nb4 Bb7 43. Ke3 Kd7 44. Ra1 Nb3 45. Nxb3 Rxb3 46. Kd4 Rb2 47. Kxc4 Rxd2 48. Nxd3 Bxf3 49. Re1 Be2 50. Rxe2 Rxe2 51. Nc5+ Kc6 52. Nxa6 Re4+ 53. Kd3 Ra4 54. Nb4+ Kb7 55. a6+ Kb6 0-1

[Event "Torino Province-ch"]
[Site "Torino"]
[Date "2010.03.16"]
[Round "6"]
[White "Fassio, Francesco"]
[Black "Gussone, Claudio"]
[Result "1-0"]
[WhiteElo "1646"]
[BlackElo "1805"]
[PlyCount "65"]
[EventDate "2010.02.09"]
[EventType "swiss"]
[EventRounds "7"]
[EventCountry "ITA"]
[SourceTitle "EXT 2024"]
[Source "ChessBase"]
[SourceDate "2023.10.10"]
[SourceVersion "1"]
[SourceVersionDate "2023.10.10"]
[SourceQuality "1"]

1. Nf3 Nf6 2. c4 c5 3. Nc3 Nc6 4. e4 e5 5. d3 d6 6. Be2 g6 7. 0-0 Bg7 8. a3 0-0 9. Ne1 Nd4 10. Bg5 h6 11. Bxf6 Nxe2+ 12. Qxe2 Qxf6 13. Rb1 b6 14. Nc2 Qg5 15. Ne3 f5 16. Ned5 f4 17. f3 Rf7 18. b4 h5 19. a4 h4 20. bxc5 dxc5 21. a5 bxa5 22. Rb5 Rb7 23. Rxb7 Bxb7 24. Rb1 Bc6 25. Nc7 Rc8 26. N3d5 Qd8 27. Ne6 Qd7 28. Nxc5 Qf7 29. Qf2 Bf8 30. Na6 Bb7 31. Qxa7 Bxa6 32. Qxa6 Rc5 33. Rb7 1-0

[Event "Nichelino op"]
[Site "Nichelino"]
[Date "2008.10.06"]
[Round "6"]
[White "Fassio, Francesco"]
[Black "Gussone, Claudio"]
[Result "0-1"]
[WhiteElo "1702"]
[BlackElo "1829"]
[PlyCount "98"]
[EventDate "2008.10.02"]
[EventType "swiss"]
[EventRounds "6"]
[EventCountry "ITA"]
[SourceTitle "CBM 126 Extra"]
[Source "ChessBase"]
[SourceDate "2008.11.05"]
[SourceVersion "1"]
[SourceVersionDate "2008.11.05"]
[SourceQuality "1"]

1. c4 d6 2. Nc3 e5 3. g3 f5 4. d3 Nf6 5. Bg2 c6 6. Bg5 Be7 7. e3 0-0 8. Nge2 Qe8 9. Bxf6 Bxf6 10. 0-0 Nd7 11. Qc2 a5 12. a3 Nc5 13. d4 exd4 14. exd4 Ne4 15. Nxe4 fxe4 16. Bxe4 Qh5 17. Nf4 Qh6 18. Rad1 Bg5 19. Ne2 Bg4 20. f4 Bf6 21. Rd2 Rae8 22. Nc3 Kh8 23. b4 axb4 24. axb4 Ra8 25. b5 Rfc8 26. bxc6 bxc6 27. Rb1 Be6 28. d5 cxd5 29. Nxd5 Bd8 30. Ne3 Bg8 31. Bxa8 Rxa8 32. Nf5 Qh5 33. Rxd6 Bxc4 34. Qxc4 Qxf5 35. Rbd1 Bf6 36. R6d5 Qg4 37. Qa6 Qxd1+ 38. Rxd1 Rxa6 39. Kg2 Kg8 40. h4 Kf7 41. Kf3 Kg6 42. Kg4 h5+ 43. Kf3 Ra5 44. Rd3 Kf5 45. Re3 Rc5 46. Rd3 Rc3 47. Rxc3 Bxc3 48. Ke3 Kg4 49. Kf2 g6 0-1

[Event "Nichelino op"]
[Site "Nichelino"]
[Date "2008.10.03"]
[Round "2"]
[White "Melone, Antonio"]
[Black "Fassio, Francesco"]
[Result "0-1"]
[WhiteElo "1848"]
[BlackElo "1702"]
[PlyCount "71"]
[EventDate "2008.10.02"]
[EventType "swiss"]
[EventRounds "6"]
[EventCountry "ITA"]
[SourceTitle "CBM 126 Extra"]
[Source "ChessBase"]
[SourceDate "2008.11.05"]
[SourceVersion "1"]
[SourceVersionDate "2008.11.05"]
[SourceQuality "1"]

1. d4 d5 2. c4 e6 3. Nc3 c5 4. e3 Nf6 5. Nf3 Nc6 6. Be2 Be7 7. 0-0 0-0 8. b3 b6 9. Bb2 Bb7 10. Re1 Re8 11. Rc1 Rc8 12. dxc5 bxc5 13. cxd5 exd5 14. Na4 Nb4 15. a3 Na6 16. Bb5 Rf8 17. Bxf6 Bxf6 18. Bxa6 Bxa6 19. Rxc5 Bb7 20. Rxc8 Bxc8 21. Nd4 Qe7 22. b4 Re8 23. Nc5 a6 24. Qd2 Bxd4 25. Qxd4 Qg5 26. Rd1 Bh3 27. Qxd5 Qg6 28. Kh1 Bc8 29. Qd6 Qc2 30. Qd2 Qf5 31. e4 Qf6 32. Qd4 Qg5 33. a4 h6 34. b5 axb5 35. axb5 Qe7 36. Qd6 0-1